000
00268nam a2200109Ia 4500
008
220204s9999 xx 000 0 und d
082
_a
77.041.5
_b
SPI;1
100
_a
Spitzing, Gunter
245
0
_a
Photoguide to portraits
260
_a
London
_b
Focal
_c
1974
942
_c
BK
999
_c
25970
_d
25970